000
00298nam a22001337a 4500
003
SGT
020
_a
978-81-932032-2-4
082
_a
648
_b
GHO
100
_a
GHOSH, S.G.
245
_a
BASICS OF HOTEL HOUSEKEEPING OPERATIONS
260
_a
DELHI
_b
JINDAL
_c
2016
300
_a
297
942
_2
ddc
_c
BK
999
_c
21054
_d
21054